Welcome to CU Library Online Public Access Catalogue (OPAC)

Financial management (Record no. 3137)

MARC details
000 -LEADER
fixed length control field 00457nam a22001817a 4500
005 - DATE AND TIME OF LATEST TRANSACTION
control field 20250128102422.0
008 - FIXED-LENGTH DATA ELEMENTS--GENERAL INFORMATION
fixed length control field 250128b |||||||| |||| 00| 0 eng d
020 ## - INTERNATIONAL STANDARD BOOK NUMBER
International Standard Book Number 9780538745581
050 ## - LIBRARY OF CONGRESS CALL NUMBER
Classification number HG4026
Item number MEG
100 ## - MAIN ENTRY--PERSONAL NAME
Personal name Megginson, William
245 ## - TITLE STATEMENT
Title Financial management
250 ## - EDITION STATEMENT
Edition statement 3rd
260 ## - PUBLICATION, DISTRIBUTION, ETC.
Place of publication, distribution, etc. Australia
Name of publisher, distributor, etc. South-Western
Date of publication, distribution, etc. c2010
300 ## - PHYSICAL DESCRIPTION
Extent xil, 966p;
Other physical details ill.;
700 ## - ADDED ENTRY--PERSONAL NAME
Personal name Smart Scott B.
700 ## - ADDED ENTRY--PERSONAL NAME
Personal name Graham John R.
942 ## - ADDED ENTRY ELEMENTS (KOHA)
Source of classification or shelving scheme Library of Congress Classification
Koha item type Books
Suppress in OPAC No
999 ## -
-- 3137
-- 3137
Holdings
Withdrawn status Lost status Source of classification or shelving scheme Damaged status Not for loan Collection Home library Current library Shelving location Date acquired Total checkouts Full call number Barcode Date last seen Copy number Price effective from Koha item type
    Library of Congress Classification     Non-fiction Business Library (Miotso) Business Library (Miotso) General stacks 04/20/2026   HG4026 MEG BSSM00003243 04/20/2026 1 04/20/2026 Books
    Library of Congress Classification     Non-fiction Business Library (Miotso) Business Library (Miotso) General stacks 04/20/2026   HG4026 MEG BSSM00003244 04/20/2026 2 04/20/2026 Books
    Library of Congress Classification     Non-fiction Business Library (Miotso) Business Library (Miotso) General stacks 04/20/2026   HG4026 MEG BSSM00003245 04/20/2026 3 04/20/2026 Books
    Library of Congress Classification     Non-fiction Undergraduate Library (Christ Temple) Undergraduate Library (Christ Temple) General stacks 01/28/2025   HG4026 MEG ulct00000988 01/28/2025 1 01/28/2025 Books
© 2023-2024 Copyright: Central University Libraries. All Rights Reserved | Created by: Mahone Tech Office